LEADER 00756nam0 2200229 450 001 000006774 005 20060324094814.0 010 $a88-14-08986-8 100 $a20060324d2001----km-y0itay50------ba 101 0 $aita 102 $aIT 105 $ay-------001yy 200 1 $aFormula di Radbruch e diritto penale$enote sulla punizione dei delitti di Stato nella Germania postnazista e nella Germania postcomunista$fGiuliano Vassalli 210 $aMilano$cGiuffrè$d2001 215 $aXIV, 319 p.$d24 cm 676 $a345.43$v20 700 1$aVassalli,$bGiuliano$0183053 801 0$aIT$bUNIPARTHENOPE$c20060324$gRICA$2UNIMARC 912 $a000006774 951 $aR-0031$b139$cNAVA3 996 $aFormula di Radbruch e diritto penale$966577 997 $aUNIPARTHENOPE LEADER 00848cam0 2200253 450 001 E600200037023 005 20190702160132.0 100 $a20080516d1990 |||||ita|0103 ba 101 $aita 102 $aIT 200 1 $aXXIV rapporto/1990 sulla stuazione sociale del paese predisposto dal CENSIS con il patrocinio del CNEL. 210 $aMilano$cFranco Angeli$d1990 215 $a678 p.$c50 tab.$d24 cm. 300 $a(mr) 710 02$a*CENSIS (Centro Studi Investimenti Sociali)$3A600200025716$4070$09271 801 0$aIT$bUNISOB$c20190702$gRICA 850 $aUNISOB 852 $aUNISOB$j300$m64769 912 $aE600200037023 940 $aM 102 Monografia moderna SBN 941 $aM 957 $a300$bLI (51)$gSi$d64769$1massimo$2UNISOB$3UNISOB$420080516080837.0$520190702160132.0$6bethb 996 $aXXIV rapporto$91685532 997 $aUNISOB